La Educación en el antiguo oriente : con una breve introducción sobre los pueblos primitivos /

Збережено в:
Бібліографічні деталі
Автор: Gueventter, Elida L. de (autor)
Формат: Книга
Мова:Іспанська
Опубліковано: Buenos Aires, Argentina : Huemul, 1967, c1964
Редагування:2a edición
Серія:(Breviarios Pedagógicos ; 1)
Предмети:
Теги: Додати тег
Немає тегів, Будьте першим, хто поставить тег для цього запису!

MARC

LEADER 00000nam^a2200000^a^4500
001 000123001
005 20250521000000.0
009 20260310094523.984
037 |a Acervo ITESO - Biblioteca 
041 |a ESP 
082 |a 370. 9  |b GUE 
100 |a Gueventter, Elida L. de  |e (autor) 
245 1 3 |a La Educación en el antiguo oriente :  |b con una breve introducción sobre los pueblos primitivos /  |c E.L. de Gueventter. 
250 |a 2a edición 
264 4 |a Buenos Aires, Argentina :  |b Huemul,  |c 1967, c1964 
300 |a 74 p. 
336 |a texto  |b txt  |2 rdacontenido 
337 |a sin mediación  |b n  |2 rdamedio 
338 |a volumen  |b nc  |2 rdasoporte 
440 1 |a (Breviarios Pedagógicos ;  |v 1) 
649 |a XX 
650 |a Educación -  |x Historia 
650 |a China -  |x Historia 
650 |a India -  |x Historia 
650 |a Egipto -  |x Historia 
650 |a Historia Antigua 
910 |a Fondo Salvador Reynoso Reynoso 
920 |a Impresos - Libros 
930 |a Fondos Especiales 
905 |a 112 
901 |a 0900065547  |b IT2  |c ESP  |u 20250521 
902 |a https://opac.biblio.iteso.mx/vufind/Record/000123001